Chemical process industries (Record no. 3899)

000 -LEADER
fixed length control field 00616nam a22002171 4500
001 - CONTROL NUMBER
control field 3899
003 - CONTROL NUMBER IDENTIFIER
control field BD-DhUET
008 - FIXED-LENGTH DATA ELEMENTS--GENERAL INFORMATION
fixed length control field 731212s1967 nyua b 000 0 eng
040 ## - CATALOGING SOURCE
Original cataloging agency DLC
Transcribing agency DLC
Modifying agency BD-DhUET
082 00 - DEWEY DECIMAL CLASSIFICATION NUMBER
Classification number 660.284
Item number SHR/1967
100 ## - MAIN ENTRY--PERSONAL NAME
Personal name Shreve, Randolph Norris
245 10 - TITLE STATEMENT
Title Chemical process industries
Statement of responsibility, etc. by R. Norris Shreve.
250 ## - EDITION STATEMENT
Edition statement 3rd ed.
260 ## - PUBLICATION, DISTRIBUTION, ETC. (IMPRINT)
Place of publication, distribution, etc. New York
Name of publisher, distributor, etc. McGraw-Hill
Date of publication, distribution, etc. 1967.
300 ## - PHYSICAL DESCRIPTION
Extent xii, 905 p.
Other physical details ill.
Dimensions 24 cm.
490 0# - SERIES STATEMENT
Series statement McGraw-Hill chemical engineering series
504 ## - BIBLIOGRAPHY, ETC. NOTE
Bibliography, etc Includes bibliographies
650 #0 - SUBJECT ADDED ENTRY--TOPICAL TERM
Topical term or geographic name as entry element Chemical industries
650 #0 - SUBJECT ADDED ENTRY--TOPICAL TERM
Topical term or geographic name as entry element Chemical process
942 ## - ADDED ENTRY ELEMENTS (KOHA)
Koha item type General Book
Holdings
Koha full call number Koha date last seen Sublocation or collection (holding branch) Koha issues (times borrowed) Location (home branch) Withdrawn status Source of classification or shelving scheme Damaged status Koha item type Price effective from Not for loan Shelving location Koha normalized classification for sorting Date acquired Lost status Copy number Koha date last borrowed Piece designation (barcode)
660.284/SHR/19672018-12-09Central Library, BUET12Central Library, BUET   General Book2014-11-08 Circulation section660_000000000000000_284SHR19672014-11-08 12018-12-0916350
660.284/SHR/19672016-02-27Central Library, BUET1Central Library, BUET   General Book2014-11-08 Circulation section660_000000000000000_284SHR19672014-11-08 22015-12-2324440
660.284/SHR/19672018-08-01Central Library, BUET2Central Library, BUET   General Book2015-02-24 Circulation section660_284000000000000_SHR_19672015-02-24 32018-03-3116349
660.284/SHR/19672015-06-18Central Library, BUET Central Library, BUET   Reading Item2015-06-18 Reading section660_284000000000000_SHR_19672015-06-18 4 11224